Learning and teaching English : a course for teachers /

Uložené v:
Podrobná bibliografia
Hlavní autori: Lindsay, Cora, Knight, Paul (Author)
Médium: Kniha
Jazyk:English
Vydané: Oxford : Oxford University Press, 2006.
Vydanie:1st ed.
Témy:
ISBN: 9780194422758 (brož.)
Fyzický popis: 188 s. : fotogr., il. ; 25 cm.
Tagy: Pridať tag
Žiadne tagy, Buďte prvý kto otaguje tento záznam!

MARC

LEADER 00000nam a2200000 a 4500
001 000435607
003 SVKKK
005 20260423132803.0
006 m g d |
008 090725s2006 xxkao e 000 0 eng d
FMT
020 |a 9780194422758 (brož.) 
040 |a SVKKK  |b slo  |c SVKKK  |e AACR2 
041 0 |a eng 
044 |a xxk  |c UK 
072 7 |a 811.111  |x Angličtina  |2 konspekt 
080 |a 811.111  |2 2001 
080 |a 81`24  |2 2001 
080 |a (072)  |2 2001 
100 1 |a Lindsay, Cora 
245 1 0 |a Learning and teaching English :  |b a course for teachers /  |c Cora Lindsay, Paul Knight. 
250 |a 1st ed. 
260 |a Oxford :  |b Oxford University Press,  |c 2006. 
300 |a 188 s. :  |b fotogr., il. ;  |c 25 cm. 
500 |a Slovník 
650 0 7 |a angličtina  |2 SVKKKPH 
650 0 7 |a štúdium jazykov  |2 SVKKKPH 
650 0 7 |a jazyková výuka  |2 SVKKKPH 
650 0 7 |a cudzie jazyky  |2 SVKKKPH 
655 7 |a metodické príručky  |2 SVKKKPH 
700 1 |a Knight, Paul  |4 aut 
910 |a svkkk 
919 |a 978-0-19-442275-8 
998 |a BK 
OWN
Z30 1 |l SCK01  |l SCK01  |m BOOK  |1 SCKUS  |2 SK20  |b Americké centrum  |3 V.230686  |9 11 – Jazykoveda – P17  |6 1049204  |q 20130918  |5 2720291758  |8 20130918  |g EMPTYKNIHA  |f 80  |s Voľný výber  |g 000089221  |h SCKBC  |z 18.80  |t 20250514  |u 0653  |w 000435607  |x 000010  |r PZ  |r 012 
a02 0 |a 9780194422758 (brož.) 
090 |g SCKUS  |k Americké centrum  |a V.230686  |j 1049204  |i 2720291758  |s Voľný výber  |r 012